000 00225nam a2200097Ia 4500
008 170619s9999 xx 000 0 und d
100 _aPressman- Roger S.
245 0 _aSoftware Engineering
260 _bMc Graw Hill
260 _c2005
546 _aENGLISH
999 _c17563
_d17563